000 00983nam a2200217 a 4500
001 000021494
005 20200930011339.0
008 100908s1978 dr a r 000 0 spa d
040 _aDO-SdBNP
_bspa
_cBNPHU
082 _a352.48
_bR426p, 1978
110 1 _aRepública Dominicana.
_bSecretariado Técnico de la Presidencia.
_bOficina Nacional de Presupuesto.
_932266
245 1 0 _aPresupuestos de ingresos y gastos de instituciones descentralizadas y autónomas 1978/.
260 _aSanto Domingo :
_bSecretariado Técnico de la Presidencia,
_c1978.
300 _av. :
_bil. ;
_c28 cm.
500 _aPublicación complementaria al presupuesto de ingresos y ley de gastos públicos del año 1988
590 _aInventariado, 2018/BT
650 4 _aPresupuesto
_zRepública Dominicana
_97940
651 4 _aRepública Dominicana
_xGastos Presupuestarios Públicos
_y1978
_944806
650 4 _aHacienda pública
_zRepública Dominicana
_96562
910 _aValidado. Control de calidad. MMOLINA
999 _c20994
_d20994